00745nam a22002177a 450000500170000001000150001702000260003202000230005803500130008103500130009403700130010703700280012008200150014810000210016324501010018426000460028527000620033130000330039350000660042665000350049220130723163119.0 aENG-104313 a9780198079439c345.00 a0198079435c345.00 aEN-87846 aB-491458 bDBAD/PUB bLiteracy House/Venadpl a954.03222 aMukherjee, Mithi aIndia in the shadows of empire :ba legal and political history, 1774-1950 /cby Mithi Mukherjee aNew Delhi bOxford University Pressc2012 aYMCA Library Building, jai Singh RoadbNew Delhi e110001 axxxviii, 278p. c23 cm (pbk) aIncludes bibliographical references (p. [227]-263) and index. aConstitutional historyzIndia.